[Event "13. Lichtenberger Sommer"]
[Site "?"]
[Date "2014.08.19"]
[Round "4.45"]
[White "Witte, Ronald"]
[Black "Petersen, Moritz"]
[Result "1-0"]
[WhiteElo "2052"]
[BlackElo "1711"]
[PlyCount "65"]
[EventDate "2014.??.??"]
[WhiteTeam "BSV 63 Chemie Weißensee"]
[BlackTeam "SV Glück auf Rüdersdorf e.V."]

1. d4 d5 2. c4 e6 3. Nc3 Nf6 4. cxd5 exd5 5. Bg5 Be7 6. e3 O-O 7. Bd3 c6 8. Qc2
h6 9. Bh4 Bg4 10. h3 Be6 11. f4 Ne4 12. Bxe7 Qxe7 13. Nxe4 dxe4 14. Bf1 f5 15.
Ne2 Nd7 16. Nc3 Nf6 17. Be2 c5 18. O-O-O cxd4 19. Rxd4 Rac8 20. Kb1 Qf7 21. Qa4
a6 22. Rhd1 Nd7 23. Rxd7 Bxd7 24. Qxd7 Rfd8 25. Qxd8+ Rxd8 26. Rxd8+ Kh7 27. g4
Qf6 28. Rd1 Qh4 29. gxf5 Qxh3 30. Nxe4 Qxe3 31. Bd3 Qxf4 32. f6 Kg6 33. Rg1+
1-0

[Event "13. Lichtenberger Sommer"]
[Site "?"]
[Date "2014.08.19"]
[Round "4.46"]
[White "Krüger, Ekkehard"]
[Black "Kutschke, Jens"]
[Result "0-1"]
[WhiteElo "1798"]
[BlackElo "2014"]
[PlyCount "72"]
[EventDate "2014.??.??"]
[WhiteTeam "SG Narva Berlin e.V."]
[BlackTeam "Sfrd. Berlin 1903 e.V."]

1. e4 e6 2. d4 d5 3. Nd2 Nf6 4. e5 Nfd7 5. f4 c5 6. Ndf3 Nc6 7. c3 cxd4 8. Nxd4
Nxd4 9. cxd4 f6 10. Nf3 fxe5 11. fxe5 Bb4+ 12. Bd2 Bxd2+ 13. Qxd2 O-O 14. Bd3
Nb8 15. O-O Nc6 16. a4 Qe7 17. Bb5 Bd7 18. Bxc6 Bxc6 19. b4 Rac8 20. Rfc1 Bd7
21. Rc5 b6 22. Rxc8 Rxc8 23. b5 Be8 24. Rc1 Qd7 25. Kf2 Rc7 26. Rxc7 Qxc7 27.
Qb4 h6 28. g4 Bg6 29. Ke3 Be4 30. Ne1 Qc1+ 31. Ke2 Qf4 32. h3 Qh2+ 33. Kd1 Qxh3
34. a5 Qxg4+ 35. Kc1 Qe2 36. axb6 axb6 0-1

[Event "13. Lichtenberger Sommer"]
[Site "?"]
[Date "2014.08.19"]
[Round "4.47"]
[White "Oswald, Michael"]
[Black "Bollenbach, Horst"]
[Result "1-0"]
[WhiteElo "2129"]
[BlackElo "1752"]
[PlyCount "53"]
[EventDate "2014.??.??"]
[WhiteTeam "1. Schachclub Anhalt"]
[BlackTeam "SC Friesen Lichtenberg e.V."]

1. d4 e6 2. c4 Bb4+ 3. Nc3 c5 4. e3 Bxc3+ 5. bxc3 cxd4 6. cxd4 Ne7 7. Nf3 O-O
8. Bd3 Qa5+ 9. Bd2 Qh5 10. O-O f5 11. d5 d6 12. Bb4 Rd8 13. Qc2 Na6 14. Ba3 Nc5
15. dxe6 Bxe6 16. Nd4 Bd7 17. Nb5 Bxb5 18. cxb5 b6 19. Be2 Qg5 20. Rfd1 Rac8
21. Qc4+ Kh8 22. Bb2 Ne4 23. Qb4 Rc2 24. Bd3 Nxf2 25. Bxc2 Qxe3 26. Bxg7+ Kg8
27. Qb3+ 1-0

[Event "13. Lichtenberger Sommer"]
[Site "?"]
[Date "2014.08.19"]
[Round "4.48"]
[White "Mildenberger, Hans"]
[Black "Pluska, Alexander"]
[Result "0-1"]
[WhiteElo "1632"]
[BlackElo "1899"]
[PlyCount "52"]
[EventDate "2014.??.??"]
[WhiteTeam "BVG-Helmholz"]
[BlackTeam "SK Doppelbauer Kiel"]

1. d4 g6 2. c4 Bg7 3. Nf3 c5 4. e3 Nf6 5. Nc3 O-O 6. Bd3 d6 7. O-O Bg4 8. h3
Bxf3 9. Qxf3 Nc6 10. dxc5 dxc5 11. Rd1 Qc7 12. Nd5 Nxd5 13. cxd5 Ne5 14. Qf4
Rfc8 15. Be2 c4 16. Rb1 b5 17. e4 b4 18. Bd2 c3 19. bxc3 bxc3 20. Rdc1 Qa5 21.
Be1 Qxa2 22. Qe3 c2 23. Ra1 Nf3+ 24. Qxf3 Bxa1 25. Bd3 Rab8 26. Qe2 Rb1 0-1

[Event "13. Lichtenberger Sommer"]
[Site "?"]
[Date "2014.08.19"]
[Round "4.49"]
[White "Reiser, Ralf"]
[Black "Vogel, Robert"]
[Result "0-1"]
[WhiteElo "1755"]
[BlackElo "2262"]
[PlyCount "64"]
[EventDate "2014.??.??"]
[WhiteTeam "Schachunion Berlin e.V."]
[BlackTeam "SG Pang-Rosenheim 1910 e.V."]

1. e4 g6 2. d4 Bg7 3. Nc3 d6 4. Be3 c6 5. Qd2 Nd7 6. O-O-O b5 7. h4 h5 8. f3
Rb8 9. g4 Qa5 10. Kb1 Nb6 11. e5 d5 12. Ne4 Qxd2 13. Nxd2 hxg4 14. f4 Nh6 15.
Ne2 Nf5 16. Bf2 b4 17. Nb3 Nc4 18. Rd3 Ba6 19. Nc5 Bb5 20. Ka1 e6 21. a4 bxa3
22. bxa3 Nb6 23. Rb3 Bc4 24. Rc3 Bf8 25. Ng3 Bxc5 26. Nxf5 exf5 27. Bxc4 Nxc4
28. dxc5 Kd7 29. Bd4 Ke6 30. a4 Rb4 31. Ka2 Rxa4+ 32. Kb3 Ra3+ 0-1

[Event "13. Lichtenberger Sommer"]
[Site "?"]
[Date "2014.08.19"]
[Round "4.50"]
[White "Stiemerling, Wilfried"]
[Black "Schröter, Maik"]
[Result "1/2-1/2"]
[WhiteElo "2134"]
[BlackElo "1854"]
[PlyCount "99"]
[EventDate "2014.??.??"]
[WhiteTeam "BSG Pneumant Fürstenwalde e.V."]
[BlackTeam "SG Blau-Weiß Stadtilm"]

1. d4 Nf6 2. c4 e6 3. Nc3 b6 4. Nf3 Bb7 5. Bg5 h6 6. Bh4 Be7 7. e3 Ne4 8. Bxe7
Qxe7 9. Qc2 Nxc3 10. Qxc3 O-O 11. Be2 d6 12. O-O Nd7 13. Rfd1 Nf6 14. Nd2 c5
15. Bf3 Rac8 16. Rac1 cxd4 17. Qxd4 d5 18. cxd5 Bxd5 19. e4 e5 20. Qa4 Be6 21.
Nf1 Rxc1 22. Rxc1 Rd8 23. a3 Bg4 24. Bxg4 Nxg4 25. Qc4 Nf6 26. f3 Qd6 27. Rc2
Qd4+ 28. Qxd4 Rxd4 29. Ne3 Ne8 30. Kf2 Rd7 31. Rc8 Kf8 32. Nd5 f6 33. Ke2 Kf7
34. a4 Nd6 35. Rc6 Ne8 36. b3 f5 37. g4 fxe4 38. fxe4 Nf6 39. Nxf6 gxf6 40. Rc3
Kg6 41. Kf3 Kg5 42. Kg3 Kg6 43. h4 h5 44. Rf3 Rd4 45. gxh5+ Kxh5 46. Re3 Rd1
47. Rf3 Rd4 48. Re3 Rd1 49. Rf3 Rd4 50. Re3 1/2-1/2

[Event "13. Lichtenberger Sommer"]
[Site "?"]
[Date "2014.08.19"]
[Round "4.51"]
[White "Keil, Uwe"]
[Black "Geldner, Gerrit"]
[Result "1-0"]
[WhiteElo "2132"]
[BlackElo "1713"]
[PlyCount "91"]
[EventDate "2014.??.??"]
[WhiteTeam "SC Friesen Lichtenberg e.V."]
[BlackTeam "Schachunion Berlin e.V."]

1. e4 c5 2. Nc3 Nc6 3. g3 g6 4. Bg2 Bg7 5. d3 e6 6. Be3 d6 7. Qd2 a6 8. Nge2
Bd7 9. O-O Nd4 10. Nd1 Ne7 11. c3 Nxe2+ 12. Qxe2 O-O 13. f4 Bc6 14. Nf2 f5 15.
Rad1 Qa5 16. a3 e5 17. Nh3 Qc7 18. Ng5 Qd7 19. h4 h6 20. Nf3 b6 21. Kh2 Qe6 22.
Bh3 Qf7 23. Bc1 fxe4 24. dxe4 Bb5 25. Qc2 Bxf1 26. Rxf1 exf4 27. Bxf4 Rad8 28.
c4 Nc6 29. Qc1 Kh7 30. h5 Qe8 31. hxg6+ Kg8 32. Bf5 Ne7 33. Be6+ Kh8 34. Bxh6
Qxg6 35. Bxg7+ Kxg7 36. Bh3 Qxe4 37. Qc3+ Kh6 38. Qd2+ Kg7 39. Ng5 Qg6 40. Ne6+
Kg8 41. Nxd8 Rxd8 42. Rf4 Qh7 43. Rh4 Qf7 44. Qg5+ Qg7 45. Be6+ Kf8 46. Rf4+
1-0

[Event "13. Lichtenberger Sommer"]
[Site "?"]
[Date "2014.08.19"]
[Round "4.52"]
[White "Schulz, Hartmut"]
[Black "Hirstel, Serge"]
[Result "1/2-1/2"]
[WhiteElo "2106"]
[BlackElo "1910"]
[PlyCount "32"]
[EventDate "2014.??.??"]
[WhiteTeam "SC Rotation Pankow e.V."]
[BlackTeam "Hipsheim"]

1. d4 d5 2. c4 e6 3. Nc3 Be7 4. Nf3 Nf6 5. Bg5 O-O 6. e3 h6 7. Bh4 Ne4 8. Bxe7
Qxe7 9. Qc2 Nxc3 10. Qxc3 c6 11. Be2 Nd7 12. O-O dxc4 13. Bxc4 b6 14. Rfd1 Bb7
15. e4 Rac8 16. Rd2 Nf6 1/2-1/2

[Event "13. Lichtenberger Sommer"]
[Site "?"]
[Date "2014.08.19"]
[Round "4.53"]
[White "Rollwitz, Jürgen"]
[Black "Badestein, Hartmut"]
[Result "1/2-1/2"]
[WhiteElo "1987"]
[BlackElo "2066"]
[PlyCount "63"]
[EventDate "2014.??.??"]
[WhiteTeam "SC Rochade e.V."]
[BlackTeam "SC Friesen Lichtenberg e.V."]

1. e4 c6 2. d4 d5 3. e5 c5 4. c3 Nc6 5. Nf3 Bg4 6. Be2 e6 7. O-O Qb6 8. dxc5
Bxc5 9. b4 Be7 10. Nbd2 Qc7 11. Bb5 a6 12. Qa4 Kf8 13. Bxc6 bxc6 14. Ba3 Nh6
15. h3 Bxf3 16. Nxf3 g6 17. Rab1 Kg7 18. Rfe1 Nf5 19. Nd4 Rhc8 20. Nb3 h5 21.
Bc1 h4 22. Nd4 Qb6 23. Nxf5+ gxf5 24. Be3 Qb5 25. Qb3 Qb7 26. c4 Rab8 27. cxd5
cxd5 28. Bd2 Rc4 29. Qe3 Rh8 30. a3 d4 31. Qd3 Qd5 32. Rbc1 1/2-1/2

[Event "13. Lichtenberger Sommer"]
[Site "?"]
[Date "2014.08.19"]
[Round "4.54"]
[White "Kapr, Klaus"]
[Black "Grassi, Fabrizio"]
[Result "1-0"]
[WhiteElo "2069"]
[BlackElo "1893"]
[PlyCount "53"]
[EventDate "2014.??.??"]
[WhiteTeam "SC Friesen Lichtenberg e.V."]
[BlackTeam "SV Berlin-Friedrichstadt"]

1. e4 d5 2. exd5 Nf6 3. c4 e6 4. dxe6 Bxe6 5. Be2 Nc6 6. Nf3 Bc5 7. d3 Qd7 8.
O-O O-O-O 9. Be3 Nd4 10. Nxd4 Bxd4 11. Nc3 Bg4 12. Bxd4 Qxd4 13. Bxg4+ Nxg4 14.
Qa4 a6 15. h3 Ne5 16. Rad1 Rd6 17. Rfe1 f5 18. Nb5 axb5 19. Qa8+ Kd7 20. Qxh8
Rg6 21. Re3 f4 22. Re4 Qxb2 23. Qxh7 f3 24. g4 Rg5 25. Qg8 c6 26. d4 Nd3 27.
Qf7+ 1-0

[Event "13. Lichtenberger Sommer"]
[Site "?"]
[Date "2014.08.19"]
[Round "4.55"]
[White "Albinus, Günter"]
[Black "Schulz, Wolfgang"]
[Result "1/2-1/2"]
[WhiteElo "1877"]
[BlackElo "2074"]
[PlyCount "143"]
[EventDate "2014.??.??"]
[WhiteTeam "SG Weißensee 49 e.V."]
[BlackTeam "Hamburger SK von 1830 eV"]

1. Nf3 g6 2. d4 Bg7 3. c3 d6 4. Bf4 Nd7 5. Nbd2 e5 6. dxe5 dxe5 7. Bg5 Ngf6 8.
e4 O-O 9. Bc4 h6 10. Bh4 c6 11. h3 Qc7 12. Bg3 Nh5 13. O-O b5 14. Bb3 Nc5 15.
Bc2 Nxg3 16. fxg3 a5 17. Qe1 Rd8 18. Qe3 Qa7 19. Nb3 Nxb3 20. Qxa7 Rxa7 21.
axb3 Be6 22. Rfd1 Rxd1+ 23. Rxd1 Rd7 24. Ra1 Ra7 25. Rd1 Kf8 26. Kf2 Ke8 27.
Ke2 f6 28. g4 Bf8 29. Nh4 Bf7 30. Nf3 Bc5 31. Nh4 Rd7 32. Nf3 Rxd1 33. Bxd1 Ke7
34. Bc2 Bb6 35. Bd1 Kd6 36. Bc2 b4 37. Nd2 Kc5 38. Bd3 Bd8 39. Bc2 Be6 40. Bd3
Bc8 41. Ke3 Be6 42. Ke2 Be7 43. Bc2 Bf8 44. Bd3 h5 45. gxh5 gxh5 46. Bc2 Bh6
47. Kd1 Bc8 48. Bd3 Be6 49. Bc2 Bxd2 50. Kxd2 h4 51. Ke3 Bf7 52. Kf3 Bh5+ 53.
Ke3 Kd6 54. cxb4 axb4 55. Bd3 Bd1 56. Bc4 Bc2 57. Kf3 Ke7 58. Bg8 Kf8 59. Be6
Kg7 60. Bc4 Kh6 61. Bf7 Kg5 62. Be6 Kh6 63. Bf7 f5 64. exf5 Bxf5 65. g4 Bc2 66.
Be8 c5 67. Bf7 Kg5 68. Bd5 Bd3 69. Bc4 Bc2 70. Ke3 Bg6 71. Bd5 Bc2 72. Bc4
1/2-1/2

[Event "13. Lichtenberger Sommer"]
[Site "?"]
[Date "2014.08.19"]
[Round "4.56"]
[White "Ritter, Uwe"]
[Black "Bankmann, Daniel"]
[Result "0-1"]
[WhiteElo "1945"]
[BlackElo "1931"]
[PlyCount "106"]
[EventDate "2014.??.??"]
[WhiteTeam "Reideburger SV 90 Halle"]
[BlackTeam "SC 1934 Gelnhausen"]

1. f4 Nc6 2. Nf3 d5 3. e3 Bg4 4. b3 Qd6 5. Bb5 Nh6 6. Bb2 a6 7. Bxc6+ Qxc6 8.
O-O f6 9. d3 O-O-O 10. Nbd2 e6 11. a3 Bc5 12. d4 Be7 13. Rc1 Nf5 14. Qe1 h5 15.
c4 Qd7 16. c5 c6 17. b4 Kb8 18. a4 h4 19. Nb1 Bxf3 20. Rxf3 g5 21. Na3 Ka7 22.
b5 Rb8 23. b6+ Ka8 24. Nc2 Rbc8 25. Nb4 Bf8 26. Ba1 Rh7 27. Rb1 Rb8 28. fxg5
fxg5 29. Rf2 g4 30. Rfb2 Bh6 31. Rb3 Qd8 32. Qe2 Qc8 33. Bb2 g3 34. h3 Rf7 35.
Bc1 Bg7 36. Qd3 e5 37. Bb2 exd4 38. Bxd4 Nxd4 39. exd4 Qf5 40. Qd2 Qf2+ 41.
Qxf2 gxf2+ 42. Kf1 Bxd4 43. Nd3 Re8 44. Rb4 Bc3 45. Nxf2 Bxb4 46. Rxb4 Ref8 47.
Rb2 Kb8 48. Kg1 Kc8 49. Nd3 Re8 50. Rb4 Re4 51. Rxe4 dxe4 52. Nf2 e3 53. Nd3 e2
0-1

[Event "13. Lichtenberger Sommer"]
[Site "?"]
[Date "2014.08.19"]
[Round "4.57"]
[White "Steiner, Wolfram"]
[Black "Schindler, Rudolf"]
[Result "1-0"]
[WhiteElo "1995"]
[BlackElo "1846"]
[PlyCount "97"]
[EventDate "2014.??.??"]
[WhiteTeam "SG Lasker Steglitz-Wilmersdorf"]
[BlackTeam "SG Lasker Steglitz-Wilmersdorf"]

1. d4 Nf6 2. c4 e5 3. dxe5 Ne4 4. Nf3 b6 5. Qd5 Bb7 6. Qxb7 Nc6 7. Nc3 Bb4 8.
Bd2 Bxc3 9. Bxc3 Nc5 10. Qxa8 Qxa8 11. g3 Ne4 12. e6 Nxc3 13. exd7+ Kxd7 14.
bxc3 Ke7 15. Bg2 Qe8 16. O-O Kf6 17. h4 h6 18. Rad1 Qe7 19. Nh2 Nd8 20. Rd4 Ne6
21. Ng4+ Kg6 22. Ne5+ Kh7 23. Rd7 Qf6 24. Be4+ Kg8 25. Ng4 Qxc3 26. Rfd1 Kf8
27. Ne3 Qe5 28. Bf5 g6 29. Bxe6 Qxe6 30. Rxc7 Kg7 31. Rxa7 h5 32. Rdd7 Rf8 33.
a4 Qe4 34. Re7 Qb1+ 35. Kg2 Qb2 36. a5 bxa5 37. Rxa5 Qf6 38. Raa7 Qd6 39. f3
Kg8 40. Kf2 Kg7 41. Rec7 Qf6 42. c5 g5 43. hxg5 Qxg5 44. Ng2 Qf6 45. Nf4 Kh6
46. Re7 Kh7 47. Ne6 Kg8 48. Nxf8 Kxf8 49. Rxf7+ 1-0

[Event "13. Lichtenberger Sommer"]
[Site "?"]
[Date "2014.08.19"]
[Round "4.58"]
[White "Roth, Joachim"]
[Black "Jaeger, Andre"]
[Result "1/2-1/2"]
[WhiteElo "1930"]
[BlackElo "1977"]
[PlyCount "80"]
[EventDate "2014.??.??"]
[WhiteTeam "SG Bund"]
[BlackTeam "SC Rochade e.V."]

1. d4 Nf6 2. Nf3 g6 3. e3 Bg7 4. c4 d6 5. Nc3 O-O 6. Be2 Nbd7 7. O-O e5 8. b4
Re8 9. a4 e4 10. Nd2 c6 11. a5 a6 12. Qb3 Nf8 13. Na4 Bf5 14. Bb2 N8d7 15. Bc3
Rb8 16. b5 c5 17. dxc5 dxc5 18. Qb2 Qe7 19. Nb3 Red8 20. Rfd1 Ne8 21. Rd2 Bxc3
22. Nxc3 Qg5 23. Nd5 Be6 24. Kh1 axb5 25. Rad1 bxc4 26. Bxc4 Ne5 27. Be2 c4 28.
Nc5 Nd3 29. Bxd3 exd3 30. Nxe6 fxe6 31. Nb6 Nd6 32. Qd4 Qxa5 33. Nxc4 Qc7 34.
Qxd3 Nf7 35. Qb3 Rxd2 36. Nxd2 Rd8 37. Nf3 Rxd1+ 38. Qxd1 Qd6 39. Qb1 b6 40. h3
Kg7 1/2-1/2

[Event "13. Lichtenberger Sommer"]
[Site "?"]
[Date "2014.08.19"]
[Round "4.59"]
[White "Herrmann, Eberhard"]
[Black "Schmidt, David"]
[Result "0-1"]
[WhiteElo "1852"]
[BlackElo "1981"]
[PlyCount "106"]
[EventDate "2014.??.??"]
[WhiteTeam "SC Friesen Lichtenberg e.V."]
[BlackTeam "Doppelbauer Woltersdorf"]

1. e4 c5 2. Nc3 Nc6 3. f4 g6 4. Nf3 Bg7 5. Be2 e6 6. O-O Nge7 7. Qe1 O-O 8. d3
f5 9. Be3 b6 10. a3 d5 11. Bd2 h6 12. e5 d4 13. Nb5 Ba6 14. a4 Nd5 15. Bd1 Nce7
16. c4 dxc3 17. bxc3 Bxb5 18. axb5 Nc7 19. d4 Nxb5 20. dxc5 bxc5 21. Be3 c4 22.
Nd4 Nxd4 23. Bxd4 Nd5 24. Rxa7 Rxa7 25. Bxa7 Qa5 26. Bd4 Rb8 27. Qg3 Kf7 28.
Be2 Qa2 29. Bf3 Rb5 30. h4 h5 31. Qg5 Qa5 32. Be2 Qc7 33. Rf3 Rb2 34. Bf1 Rb1
35. Kh2 Rc1 36. Qg3 Bh6 37. Qf2 Qc6 38. Qb2 Re1 39. g3 Bf8 40. Qa2 Nxc3 41.
Qa7+ Kg8 42. Bg2 Re2 43. Kh3 Ne4 44. Kh2 c3 45. Qa1 c2 46. Qc1 Qd5 47. Bb2 Qd2
48. Qxd2 Rxd2 49. Rf1 Bb4 50. Kg1 Bc5+ 51. Kh2 Nf2 52. Rc1 Nd3 53. Ra1 Nxb2 0-1

[Event "13. Lichtenberger Sommer"]
[Site "?"]
[Date "2014.08.19"]
[Round "4.60"]
[White "Silz, Elisa"]
[Black "Exner, Roland"]
[Result "1/2-1/2"]
[WhiteElo "1957"]
[BlackElo "1908"]
[PlyCount "71"]
[EventDate "2014.??.??"]
[WhiteTeam "SV Empor Berlin e.V."]
[BlackTeam "SV Berolina Mitte e.V."]

1. d4 Nf6 2. c4 g6 3. Nc3 Bg7 4. e4 d6 5. f3 O-O 6. Be3 e5 7. d5 Nh5 8. Qd2
Qh4+ 9. Bf2 Qf4 10. Nge2 Qxd2+ 11. Kxd2 Bh6+ 12. Kc2 f5 13. Be1 a5 14. Nb5 Rf7
15. g3 fxe4 16. fxe4 Bg4 17. h3 Bf3 18. Rg1 Bxe4+ 19. Kd1 Be3 20. Bg2 Bxg1 21.
Bxe4 Bb6 22. h4 Na6 23. Bg2 Nc5 24. Kd2 Raf8 25. Nbc3 Nf6 26. Rb1 Ng4 27. b3
Na6 28. Ne4 Be3+ 29. Kc2 Bh6 30. Bh3 Ne3+ 31. Kb2 Rf3 32. Ng1 b6 33. Nxf3 Rxf3
34. Nd2 Rf8 35. Ne4 Rf3 36. Nd2 1/2-1/2

[Event "13. Lichtenberger Sommer"]
[Site "?"]
[Date "2014.08.19"]
[Round "4.62"]
[White "Duijker, Bert"]
[Black "Olaizola, Miguel"]
[Result "0-1"]
[WhiteElo "1926"]
[BlackElo "1773"]
[PlyCount "128"]
[EventDate "2014.??.??"]
[WhiteTeam "Bennekomse S.V."]
[BlackTeam "SK Zehlendorf e.V."]

1. Nf3 d5 2. d4 Nf6 3. c4 e6 4. g3 Be7 5. Bg2 O-O 6. O-O dxc4 7. Ne5 Nbd7 8.
Nxc4 Nb6 9. Ne5 c5 10. dxc5 Bxc5 11. a4 Bd6 12. Nd3 Ng4 13. Nc3 Qe7 14. Qb3 e5
15. Nd5 Nxd5 16. Bxd5 e4 17. Nf4 Nf6 18. Bc4 Bf5 19. Nd5 Nxd5 20. Bxd5 Bh3 21.
Qxb7 Qf6 22. Qa6 Qd4 23. Bxa8 Rxa8 24. Be3 Qxb2 25. Rfb1 Qf6 26. Rd1 Rd8 27.
Rac1 h6 28. Rc6 Bxg3 29. Rxd8+ Qxd8 30. Rc1 Bxf2+ 31. Bxf2 Qg5+ 32. Bg3 Qxc1+
33. Kf2 e3+ 34. Kf3 f5 35. Qe6+ Kh7 36. Qxe3 Qc6+ 37. Kf2 Qg2+ 38. Ke1 Qh1+ 39.
Kd2 Qd5+ 40. Qd3 Qa5+ 41. Qc3 Qxa4 42. Be5 Qd7+ 43. Ke1 Bg2 44. Qc7 Qxc7 45.
Bxc7 g5 46. Kf2 Be4 47. Ba5 Kg6 48. e3 Kf6 49. Kg3 Ke5 50. Bc3+ Kd5 51. h4
gxh4+ 52. Kxh4 Bf3 53. Kg3 Ke4 54. Kf2 h5 55. Bd4 a5 56. Bc5 a4 57. Be7 Bg4 58.
Bc5 Kd3 59. Kg3 Kc4 60. Be7 Kb3 61. Kf4 a3 62. e4 fxe4 63. Kxe4 a2 64. Bf6 Kc2
0-1

[Event "13. Lichtenberger Sommer"]
[Site "?"]
[Date "2014.08.19"]
[Round "4.63"]
[White "Engelhardt, Erhard"]
[Black "Barwich, Alfred"]
[Result "0-1"]
[WhiteElo "1799"]
[BlackElo "2041"]
[PlyCount "126"]
[EventDate "2014.??.??"]
[WhiteTeam "SSV Rotation Berlin e.V."]
[BlackTeam "SV Berolina Mitte e.V."]

1. f4 Nf6 2. b3 g6 3. Bb2 Bg7 4. e3 O-O 5. Nf3 d6 6. Be2 b6 7. O-O Bb7 8. c4
Nbd7 9. Qc2 Nc5 10. Nc3 a5 11. Rab1 e6 12. h3 Qe7 13. Rfe1 e5 14. fxe5 dxe5 15.
Ba3 Rfd8 16. e4 Bf8 17. Nd5 Nxd5 18. exd5 f5 19. Bf1 e4 20. Nd4 Qf7 21. Bb2 Bg7
22. Rbd1 Re8 23. a3 Bc8 24. b4 axb4 25. axb4 Ra2 26. Qb1 Rxb2 27. Qxb2 Qf6 28.
bxc5 Qxd4+ 29. Qxd4 Bxd4+ 30. Kh1 Bxc5 31. d4 Bb4 32. Re3 f4 33. Rb3 Ba5 34.
Be2 Bd7 35. Ra1 Bd2 36. Ra7 f3 37. gxf3 exf3 38. Bf1 Bf4 39. Rxf3 Re4 40. Rd3
Bf5 41. Rd1 Re3 42. Bg2 Bxh3 43. Bxh3 Rxh3+ 44. Kg2 Rc3 45. Ra4 Bd6 46. c5 bxc5
47. dxc5 Rxc5 48. Re4 Kg7 49. Kf3 h5 50. Re6 Rc3+ 51. Ke4 Rg3 52. Rh1 Rg4+ 53.
Kd3 h4 54. Re4 Rg3+ 55. Re3 g5 56. Rh3 Rg1 57. Ke2 Kg6 58. Re6+ Kh5 59. Re8
Rg2+ 60. Kf1 Rd2 61. Rh8+ Kg4 62. Re3 Rxd5 63. Rhe8 Bf4 0-1

[Event "13. Lichtenberger Sommer"]
[Site "?"]
[Date "2014.08.19"]
[Round "4.64"]
[White "Ziems, Michael"]
[Black "Jensen, Johnny"]
[Result "1-0"]
[WhiteElo "1809"]
[BlackElo "1873"]
[PlyCount "97"]
[EventDate "2014.??.??"]
[WhiteTeam "SV Empor Berlin e.V."]
[BlackTeam "Aros Skakklub"]

1. d4 Nf6 2. c4 e5 3. dxe5 Ng4 4. Qd4 h5 5. Nf3 Nc6 6. Qe4 Bb4+ 7. Bd2 Bxd2+ 8.
Nbxd2 Qe7 9. e3 Ngxe5 10. Be2 d6 11. Nd4 Nxd4 12. exd4 f5 13. Qe3 Nc6 14. Nf3
Qxe3 15. fxe3 Bd7 16. h4 O-O-O 17. Kd2 Rde8 18. Rae1 Re7 19. Rhf1 g6 20. Ng5
Rhe8 21. Bd3 a5 22. a3 a4 23. g3 Na5 24. Rf3 Nb3+ 25. Kc3 c5 26. dxc5 dxc5 27.
e4 Bc6 28. Rfe3 fxe4 29. Nxe4 Kb8 30. Bc2 Nd4 31. Bd3 Nf5 32. R3e2 Nd4 33. Re3
Ka7 34. Kd2 Bxe4 35. Bxe4 Nb3+ 36. Kd3 Rd8+ 37. Bd5 Rxe3+ 38. Rxe3 Rd7 39. Re6
b5 40. Rxg6 bxc4+ 41. Kxc4 Na5+ 42. Kxc5 Nb3+ 43. Kc6 Re7 44. Rg5 Nd4+ 45. Kd6
Re2 46. Rg7+ Kb6 47. Rb7+ Ka5 48. Kc5 Nb5 49. Rxb5+ 1-0

[Event "13. Lichtenberger Sommer"]
[Site "?"]
[Date "2014.08.19"]
[Round "4.65"]
[White "Reiche, Henry"]
[Black "Feyer, Leon"]
[Result "1/2-1/2"]
[WhiteElo "1992"]
[BlackElo "1660"]
[PlyCount "138"]
[EventDate "2014.??.??"]
[WhiteTeam "SC Zugzwang 95 e.V."]
[BlackTeam "SV Empor Berlin e.V."]

1. e4 e5 2. Nf3 Nc6 3. Bb5 a6 4. Ba4 Nf6 5. O-O Be7 6. Re1 d6 7. h3 b5 8. Bb3
O-O 9. c3 Na5 10. Bc2 c5 11. d4 cxd4 12. cxd4 Qc7 13. Nc3 Bb7 14. d5 Rac8 15.
Bd3 Ba8 16. Bg5 Nc4 17. Bxc4 Qxc4 18. Rc1 h6 19. Bd2 Qc7 20. Nh4 Qd7 21. Nf5
Kh7 22. Qf3 Ng8 23. Ne2 g6 24. Neg3 Rxc1 25. Rxc1 Bg5 26. Bxg5 hxg5 27. Ne3 Nh6
28. Qf6 Qd8 29. Qxd8 Rxd8 30. Rc7 a5 31. b3 Rb8 32. Ra7 a4 33. bxa4 bxa4 34.
Rxa4 Rb1+ 35. Kh2 Bb7 36. Ra7 Bc8 37. f3 Rc1 38. a4 Kg7 39. a5 Ng8 40. Ra8 Nf6
41. a6 Rc7 42. a7 Bb7 43. Rd8 Rc3 44. a8=Q Bxa8 45. Rxa8 Rxe3 46. Rd8 Nh5 47.
Nxh5+ gxh5 48. Rxd6 h4 49. Kg1 Re2 50. Rc6 Rd2 51. Rc1 Kf6 52. Kf1 Ke7 53. Re1
Kf6 54. Re2 Rd1+ 55. Kf2 Rd3 56. Ke1 Kg6 57. Rd2 Rc3 58. Kd1 f5 59. Rc2 Rd3+
60. Ke2 fxe4 61. fxe4 Rg3 62. Kf2 g4 63. hxg4 Rxg4 64. Re2 Kf6 65. Ke3 Rg3+ 66.
Kf2 Rg4 67. Ke1 Ke7 68. Kd2 Rg3 69. Rf2 Kd6 1/2-1/2

[Event "13. Lichtenberger Sommer"]
[Site "?"]
[Date "2014.08.19"]
[Round "4.66"]
[White "Keusch, Horst"]
[Black "Prix, Siegfried"]
[Result "1-0"]
[WhiteElo "2021"]
[BlackElo "1777"]
[PlyCount "159"]
[EventDate "2014.??.??"]
[WhiteTeam "SC Friesen Lichtenberg e.V."]
[BlackTeam "Sfrd. Berlin 1903 e.V."]

1. f4 d5 2. Nf3 c5 3. e3 g6 4. Be2 Bg7 5. O-O Nf6 6. d3 O-O 7. Qe1 Bg4 8. Qh4
Bxf3 9. Bxf3 Nc6 10. c3 Qc7 11. e4 dxe4 12. dxe4 e5 13. f5 Rad8 14. Bg5 Rd6 15.
Na3 Qe7 16. Nc4 Rd7 17. Ne3 c4 18. Kh1 Qc5 19. Rae1 Rd6 20. Nd5 Nxd5 21. exd5
Nd8 22. Be7 gxf5 23. Bxd6 Qxd6 24. Qxc4 e4 25. Bd1 Qe5 26. Ba4 a6 27. Bd7 b5
28. Qe2 Qxd5 29. Bxf5 Qxa2 30. Bxe4 Ne6 31. Ra1 Qb3 32. Ra3 Qc4 33. Qxc4 bxc4
34. Rxa6 Nc5 35. Bxh7+ Kxh7 36. Rc6 Nb3 37. Rd1 Na5 38. Rc5 Ra8 39. Ra1 Nb3 40.
Rh5+ Kg6 41. Rxa8 Kxh5 42. Rc8 Nd2 43. g4+ Kh6 44. h4 Be5 45. Kg2 Bf4 46. Rc6+
Kg7 47. Kh3 f6 48. Rc8 Kf7 49. Kg2 Ke7 50. h5 Kf7 51. Kf2 Bg5 52. Ke2 Kg7 53.
Rd8 Nb3 54. Kd1 Nc5 55. Rd4 Nd3 56. Kc2 Ne5 57. b4 cxb3+ 58. Kxb3 Be3 59. Re4
Bd2 60. Kc2 Bg5 61. c4 Kf7 62. Kc3 Ke6 63. Kb4 Kd6 64. Kb5 Kc7 65. Kc5 Kd7 66.
Kd5 Kc7 67. Rxe5 fxe5 68. Kxe5 Kd7 69. Kf5 Be3 70. g5 Ke7 71. g6 Kf8 72. Ke4
Bh6 73. c5 Ke7 74. Ke5 Bg7+ 75. Kd5 Kd7 76. c6+ Kc7 77. Ke6 Kxc6 78. Kf7 Bh6
79. g7 Bxg7 80. Kxg7 1-0

[Event "13. Lichtenberger Sommer"]
[Site "?"]
[Date "2014.08.19"]
[Round "4.67"]
[White "Schönemann, Manfred"]
[Black "Hörmann, David"]
[Result "1-0"]
[WhiteElo "1781"]
[BlackElo "1983"]
[PlyCount "47"]
[EventDate "2014.??.??"]
[WhiteTeam "SV Turbine Berlin e.V."]
[BlackTeam "SC Weisse Dame e.V."]

1. d4 d5 2. c4 e6 3. Nc3 Nf6 4. Nf3 Be7 5. Bg5 O-O 6. e3 b6 7. cxd5 exd5 8. Rc1
Bb7 9. Bd3 Nbd7 10. O-O c5 11. dxc5 Nxc5 12. Bb1 Re8 13. a3 Nce4 14. Bh4 Nxc3
15. Rxc3 Ne4 16. Bxe7 Nxc3 17. Qd3 Ne4 18. Bxd8 Rexd8 19. Rc1 a5 20. h3 g6 21.
Rc7 Ba6 22. Qd4 Nc5 23. Qf6 Rf8 24. Ne5 1-0

[Event "13. Lichtenberger Sommer"]
[Site "?"]
[Date "2014.08.19"]
[Round "4.68"]
[White "Bullig, Reinhard"]
[Black "Khorolskyi, Borys"]
[Result "0-1"]
[WhiteElo "1772"]
[BlackElo "1879"]
[PlyCount "100"]
[EventDate "2014.??.??"]
[WhiteTeam "Sfrd. Berlin 1903 e.V."]
[BlackTeam "vereinslos"]

1. Nf3 Nf6 2. e3 g6 3. b3 Bg7 4. Bb2 O-O 5. d4 d6 6. Be2 Nbd7 7. c4 c6 8. O-O
Qc7 9. Nc3 e5 10. Qc2 Re8 11. dxe5 dxe5 12. Nd2 Nc5 13. Nde4 Bf5 14. Nxf6+ Bxf6
15. e4 Bd7 16. Rad1 Rad8 17. Bf3 Ne6 18. Ne2 Ng5 19. Rd3 Be6 20. Rfd1 Rxd3 21.
Rxd3 Rd8 22. g3 Qb6 23. Rxd8+ Qxd8 24. Bg2 Bg4 25. Kf1 Nh3 26. f3 Bc8 27. Bxh3
Bxh3+ 28. Kf2 Be6 29. Bc1 Be7 30. Be3 a6 31. Nc3 b5 32. c5 Qa5 33. Nb1 f6 34.
Bd2 Qd8 35. Be3 f5 36. f4 exf4 37. Bxf4 fxe4 38. Be3 Qf8+ 39. Ke1 Qf3 40. Qf2
Qh5 41. Nd2 Bd5 42. Nf1 a5 43. Bf4 a4 44. b4 Bf6 45. Ne3 Bc3+ 46. Kf1 Qh3+ 47.
Ke2 Bxa2 48. Bd6 Bf7 49. Nf1 Bc4+ 50. Ke3 Qxf1 0-1